Statistics for 2010's Rap/Hip-Hop Artists

Click here to take the quiz!

General Stats

  • This quiz has been taken 57 times
  • The average score is 14 of 16

Answer Stats

Answer% Correct
Drake
100%
XXXTENTACION
100%
Cardi B
96%
Travis Scott
96%
Juice WRLD
94%
21 Savage
92%
Lil Uzi Vert
92%
Kendrick Lamar
90%
Lil Baby
88%
Trippie Redd
86%
Future
84%
Kodak Black
82%
Quavo
80%
Lil Peep
72%
Polo G
68%
G Herbo
48%

Score Distribution

Percentile by Number Answered

Percent of People with Each Score

Your Score History

You have not taken this quiz